Klicke die Landkreise von Sachsen auf einer Karte - Statistiken

Allgemein
  • Dieses Quiz wurde 273 mal gespielt
  • Das Durchschnittsergebnis liegt bei 11 aus 13
Antworten auf der Karte
Die Antworten werden auf der Karte rot bzw. grün angezeigt, abhängig davon wie oft sie richtig erraten wurden.
 
Antwortstatistiken
Antwort % Korrekt
Nordsachsen
92%
Stadt Leipzig
91%
Chemnitz
89%
Mittelsachsen
89%
Dresden
87%
Görlitz
84%
Sächsische Schweiz-Osterzgebirge
84%
Landkreis Leipzig
79%
Erzgebirgskreis
75%
Vogtlandkreis
75%
Meißen
72%
Bautzen
71%
Zwickau
67%
Keine übereinstimmenden Quizze gefunden
Verteilung der Resultate
Anzahl Personen mit jedem Resultat
Perzentil nach korrekt beantworteten Fragen
Ihre Resultats-Entwicklung
Sie haben dieses Quiz noch nicht gespielt